Научные и технологические основы выплавки хромсодержащих сплавов с использованием некондиционного минерального сырья Казахстана (Запись № 11651278)

Подробности
000 -МАРКЕР
контрольное поле 01711nam0a2200361 i 4500
001 - ИДЕНТИФИКАТОР ЗАПИСИ
контрольное поле RU\NLR\BIBL_A\011147186
005 - ИДЕНТИФИКАТОР ВЕРСИИ
контрольное поле 20241102215153.0
010 ## - МЕЖДУНАРОДНЫЙ СТАНДАРТНЫЙ НОМЕР КНИГИ (ISBN)
Номер (ISBN) 9785696047966
Тираж 100
021 ## - НОМЕР ГОСУДАРСТВЕННОЙ РЕГИСТРАЦИИ
Код страны Российская Федерация
Номер 2016-41572
Номер Листа государственной регистраци 2668
035 ## - ДРУГИЕ СИСТЕМНЫЕ НОМЕРА
Идентификатор записи (NILC)RuMoRGB-008493103
035 ## - ДРУГИЕ СИСТЕМНЫЕ НОМЕРА
Идентификатор записи (NLR Aleph) 011147186
100 ## - ДАННЫЕ ОБЩЕЙ ОБРАБОТКИ
Данные общей обработки 20160606d2015 k y0rusy50 ca
101 0# - ЯЗЫК РЕСУРСА
Язык текста, звукозаписи и т.д. русский
102 ## - СТРАНА ПУБЛИКАЦИИ ИЛИ ПРОИЗВОДСТВА
Страна публикации Российская Федерация
105 ## - ПОЛЕ КОДИРОВАННЫХ ДАННЫХ: ТЕКСТОВЫЕ МАТЕРИАЛЫ, МОНОГРАФИЧЕСКИЕ
Кодированные данные о монографическом текстовом документе a|||z|||000yy
200 1# - ЗАГЛАВИЕ И СВЕДЕНИЯ ОБ ОТВЕТСТВЕННОСТИ
Основное заглавие Научные и технологические основы выплавки хромсодержащих сплавов с использованием некондиционного минерального сырья Казахстана
Сведения, относящиеся к заглавию монография
Первые сведения об ответственности К. К. Каскин
Последующие сведения об ответственности М-во образования и науки Республики Казахстан, Актюбинский региональный гос. ун-т им. К. Жубанова
210 ## - ПУБЛИКАЦИЯ, РАСПРОСТРАНЕНИЕ И ДР.
Место издания, распространения и т.д. Челябинск
Имя издателя, распространителя и т. д. Издательский центр ЮУрГУ
Дата издания, распространения и т.д. 2015
215 ## - ФИЗИЧЕСКАЯ ХАРАКТЕРИСТИКА
Специфическое обозначение материала и объем 230, [1] с.
Другие сведения о физической характеристике ил.
Размеры 25
320 ## - ПРИМЕЧАНИЯ О НАЛИЧИИ В ДОКУМЕНТЕ БИБЛИОГРАФИИ / УКАЗАТЕЛЯ
Текст примечания Библиогр. в конце кн. (320 назв.)
606 1# - НАИМЕНОВАНИЕ ТЕМЫ КАК ПРЕДМЕТ
Наименование темы Хромитовые руды
Тематический подзаголовок Восстановление
Системный номер авторитетной/нормативной записи 2018677
Идентификатор авторитетной/нормативной записи RU\NLR\AUTH\66928805
606 1# - НАИМЕНОВАНИЕ ТЕМЫ КАК ПРЕДМЕТ
Наименование темы Сталь
Тематический подзаголовок Легирование хромом
Системный номер авторитетной/нормативной записи 1708808
Идентификатор авторитетной/нормативной записи RU\NLR\AUTH\661059066
606 ## - НАИМЕНОВАНИЕ ТЕМЫ КАК ПРЕДМЕТ
Наименование темы Рудно-термические печи для никеля
Системный номер авторитетной/нормативной записи 1735672
Идентификатор авторитетной/нормативной записи RU\NLR\AUTH\66776179
675 ## - УНИВЕРСАЛЬНАЯ ДЕСЯТИЧНАЯ КЛАССИФИКАЦИЯ (UDC/УДК)
Индекс 669
686 1# - ИНДЕКСЫ ДРУГИХ КЛАССИФИКАЦИЙ
Индекс К327.03-17
686 1# - ИНДЕКСЫ ДРУГИХ КЛАССИФИКАЦИЙ
Индекс К325.03-14
686 1# - ИНДЕКСЫ ДРУГИХ КЛАССИФИКАЦИЙ
Индекс К342.241.03
700 #1 - ИМЯ ЛИЦА - ПЕРВИЧНАЯ ОТВЕТСТВЕННОСТЬ
Начальный элемент ввода Каскин
Часть имени, кроме начального элемента ввода К. К.
Расширение инициалов личного имени Куат Камарович
801 #0 - ИСТОЧНИК ЗАПИСИ
Страна Российская Федерация
Организация РГБ
Дата составления 20160520
Правила каталогизации RCR
942 ## - ДОПОЛНИТЕЛЬНЫЕ ЭЛЕМЕНТЫ ЗАПИСИ (АБИС)
Тип экземпляра АБИС Книга
980 ## - КОЛЛЕКЦИЯ
Название коллекции НБР

Нет доступных экземпляров.